История Европы. С древнейших времен до наших дней (Запис № 387983)

МАРК-запис
000 -Лідер
fixed length control field 00891nam a22002657a 4500
001 - Контрольний номер
control field 101833
003 - Ідентифікатор контрольного номера
control field UA-OsUOA
005 - Дата та час останнього входження (трансакції)
control field 20260212101326.0
007 - Фіксоване поле фізичного опису
fixed length control field ta
008 - Елементи даних фіксованої довжини – загальна інформація
fixed length control field 20130823b un ||||| |||| 00| 0 ukr d
020 ## - Міжнародний стандартний книжковий номер (ISBN)
Міжнародний стандартний книжковий номер (ISBN) (НП) 5020089370
040 ## - Джерело каталогізації
Агенція оригінальної каталогізації UA-OsUOA
Мова каталогізації rus
Агенція, яка здійснювала перезапис UA-OsUOA
Агенція, яка здійснювала модифікацію UA-OsUOA
041 ## - Код мови
Код мови тексту/ звукової доріжки чи окремого заголовка (П) rus
080 ## - Індекс Універсальної десяткової класифікації
Індекс Універсальної десяткової класифікації (УДК) (НП) 94(4)
090 ## - Локальний шифр розміщення
Класифікаційний індекс УДК 94(4)
Авторський знак (НП) И90
245 ## - Відомості про назву
Назва (НП) История Европы. С древнейших времен до наших дней
Решта назви (НП) в восьми томах
Дані про відповідальність (НП) ред. З. В. Удальцова и др.
260 ## - Публікація, розповсюдження і т.п. (Вихідні дані)
Місце публікації, розповсюдження і т.п. (П) М.
Ім’я/ наймення видавництва, розповсюджувача і т.п. (П) Наука
Дата публікації, розповсюдження і т.п. (П) 1988
300 ## - Фізичний опис
Обсяг 704 с.
505 ## - Форматована примітка про зміст
Змішана інформація Т. 1
Назва Древняя Европа
650 #7 - Додаткове предметне введення – тематичний термін
Тематичний термін чи географічна назва, як елемент введення (НП) 9 Географія. Біографії. Історія
Джерело заголовка чи терміна UDC
9 (RLIN) 19
700 1# - Додаткове введення – ім'я особи
Ім’я особи (НП) Удальцова З. В.
Термін відношення ред.
9 (RLIN) 23188
942 ## - Додаткові елементи входу (Коха)
Тип елемента Koha Книги
Source of classification or shelving scheme Universal Decimal Classification
955 ## - Код типу видання за змістом
Код типу видання за змістом (НП) Навчальні видання
Фонди
Стан вилучень Стан втрат Джерело класифікації або схеми стелажів Стан уражень Не для кредиту Код колекції Постійне місце розташування Поточне розміщення Дата придбання Джерело придбання Вартість, звичайна ціна покупки Послідовне перерахування / хронологія Інвентарний номер Усього замовленно Повний номер виклику Штрих-код Дата останнього перегляду Ціна ефективна від Тип елемента Koha
    Universal Decimal Classification     Колекція Скрипнюка О.В. АБ - Абонемент НБ АБ - Абонемент НБ 23/08/2013 44/2013 35.00 Т. 1 143322   94(4) И90 143322 06/02/2022 23/08/2013 Книги